000 00379nam a2200169Ia 4500
008 170705s9999 xx 000 0 und d
020 _a9780439026109
245 _aPunished! /
245 _cDavid Lubar.
260 _aNew York :
260 _bScholastic,
260 _c2006
300 _a96 pages :
300 _bcolor illustration ;
300 _c19cm.
500 _a340
999 _c335963
_d335963